00710nam a2200217Ia 4500003000400000005001700004008004100021020001500062040000700077041000800084082002100092100002400113245006300137260003800200300001600238365001300254906006400267942001200331999001900343952013000362OSt20230328155212.0210423s2007 xx 000 0 und d a8187134003 cAL aeng a615.4 223bDUTS aDUTTA (S K).979191 aPrinciples of physical pharmacy and biophysical chemistry. aKolkatabBirla Publicationsc2007 axii,856bPB b325cINR abiophysical ; chemistry. ; pharmacy ; Physical ; Principles 2ddccBK c154380d154380 001040708ACaSACPGbSACPGd2010-02-02eAthulya Booksg325.00l0o615.4 DUTSpPG000847r2022-08-24 00:00:00w2021-04-26yBK